000 00403nam a2200169Ia 4500
008 230524s9999 xx 000 0 und d
082 _a330
_bMIS
100 _aP.K.Mishra
245 0 _aEngineering Economics and Costing
250 _a2ND
260 _aNEW DELHI
_bAlok
_c2005
300 _aXIV;600
500 _aQuantity Number: 120
650 _aEconomics
700 _a S.K.Mishra
942 _cBK
999 _c11271
_d11271